| 000 | 01062nam0a22002891 4500 | ||
|---|---|---|---|
| 001 | v19\rc\2075455 | ||
| 005 | 20260405131831.0 | ||
| 035 | _a(NLR Aleph) 005172469 | ||
| 090 |
_a5080145 _c5080145 |
||
| 100 | _a20081218d1917 |||y0rusy50 ca | ||
| 101 | 1 |
_arus _cfre |
|
| 102 | _aRU | ||
| 105 | _ay z ||||| | ||
| 200 | 1 |
_aДон-Карлос _eВ 4 д. и 6 карт. _eПолное либретто оперы _fМуз. Джузеппе Верди _gПер. Петра Обнорского |
|
| 210 |
_aПетроград _cЕ.И. Борисов _d1917 |
||
| 215 |
_a32 с. _d18 |
||
| 300 | _aАвт. установлен по одноим. изд. 1869 г. | ||
| 700 | 1 |
_aМери _bЖ. _f1798-1865 _gЖозеф |
|
| 701 | 1 |
_8rus _7ca _aДюлокль _bК. _f1832-1903 _gКамилль _3RU\NLR\AUTH\7752778 _935711 |
|
| 702 | 1 |
_aВерди _bД. _gДжузеппе _4230 |
|
| 702 | 1 |
_aОбнорский _bП. _gПетр _4730 |
|
| 801 | 0 |
_aRU _bNLR _gpsbo |
|
| 801 | 1 |
_aRU _bProSoft-M _2rusmarc |
|
| 852 |
_aNLR _j91-2/1877 |
||
| 942 | _cBOOK | ||
| 980 | _aNB | ||